000 00518nam a2200181Ia 4500
999 _c28925
_d28925
003 OSt
005 20210107152049.0
008 190216s9999||||xx |||||||||||||| ||und||
020 _a9788182643369
040 _coclc
082 _a894.8128
_bSRE/A
100 _aSreejan, V C
_97399
245 0 _aArthavadangal /
_cV C Sreejan
260 _bMathrubhumi Printing And Publishing,
_aKozhikode:
_c2006.
300 _a160p
650 _aPadanam
942 _cBK
_2ddc
_h894.8128
_iSRE/A
_k894.8128
_mSRE/A